000 01595naa a22003017a 4500
001 BR8300535
003 BR-BrBNA
005 20250721143215.0
007 ta
008 250630b bl.|||m| |||| 00| 0 por d
040 _aBR-BrBNA
_bpor
_cBiblioteca Nacional de Agricultura
041 _a(Pt)
072 _aF21
_b3000
_b3920
090 _aF21 BR8300535
100 1 _aKrugner, T.L.
111 1 _a7. Seminario sobre Atualidades e Perspectivas Florestais
_cCuritiba, PR (Brazil)
_d1 Apr 1982
245 1 _aAssociacoes micorrizicas em arvores florestais
246 1 _a[Micorhizal Associations in forest trees]
246 1 _a[Annals of the 7. Seminar on Forest News and Outlook: biological associations between forest species and micro-organisms for increasing economic productiveness of reforestation]
500 _aAnais do 7. Seminario sobre Atualidades e Perspectivas Florestais: associacoes biologicas entre especies florestais e microorganismos para o aumento da produtividade economica dos reflorestamentos Curitiba, PR (Brasil): 1982. p. 67-76 [11 ref.] (BR8300535-AMS)
773 0 _tAnais do 7. Seminario sobre Atualidades e Perspectivas Florestais: associacoes biologicas entre especies florestais e microorganismos para o aumento da produtividade economica dos reflorestamentos
_wF21 BR8300535
_gCuritiba, PR (Brasil), 1982. p. 67-76
650 _aARVORE FLORESTAL
650 _aMICORRIZA
650 _aRHIZOBIUM
490 _aDocumentos - Unidade Regional de Pesquisa Florestal Centro-Sul (Brazil)
_vno. 12
942 _cAMS
_2AGRIS
909 _a202506
_bLúcia
_c55
_dLúcia Elande
999 _c334370
_d334370